|
|
|
|
| LEADER |
01103nam a2200265 a 4500 |
| 001 |
1604536 |
| 008 |
091230r19931992enk 001 0 eng d |
| 010 |
|
|
|a 94158194
|
| 020 |
|
|
|a 1856492257 (Hb)
|
| 020 |
|
|
|a 1856492265 (Pb)
|
| 040 |
|
|
|a DLC
|c DLC
|d BD-DhAAL
|
| 082 |
0 |
0 |
|a 305.42/09172/4
|2 20
|
| 245 |
0 |
4 |
|a The Power to change :
|b women in the Third World redefine their environment /
|c Women's Feature Service.
|
| 260 |
|
|
|a London ;
|a Atlantic Highlands, N.J. :
|b Zed books,
|c 1993.
|
| 300 |
|
|
|a 236 p. ;
|c 23 cm.
|
| 500 |
|
|
|a Originally published: New Delhi : Kali for Women, 1992.
|
| 504 |
|
|
|a Includes index.
|
| 541 |
1 |
|
|e 00005708
|
| 650 |
|
0 |
|a Women in development
|z Developing countries
|x Case studies.
|
| 650 |
|
0 |
|a Women
|z Developing countries
|x Social conditions.
|
| 710 |
2 |
|
|a Women's Feature Service (Project)
|
| 710 |
2 |
|
|a Kali for Women (Organization)
|
| 852 |
4 |
|
|a Ayesha Abed Library
|j General Shelf.
|
| 999 |
|
|
|c 6563
|d 6563
|
| 952 |
|
|
|0 0
|1 0
|2 ddc
|4 0
|6 305_420917240000000_POW_1993
|7 0
|9 6675
|a BRACUL
|b BRACUL
|c GEN
|d 2009-12-31
|g 1645.00
|l 0
|o 305.42091724 POW
|p 3010005708
|r 2009-12-31
|t 1
|w 2009-12-31
|y BK
|